000 01575cam a2200325 i 4500
003 SA-RiAUC
005 20250430085114.0
008 250427s1983 le g b 000 0bara c
040 _aSA-MuMU
_bara
_cSA-RiAUC
_erda
082 0 4 _a922.58
_qSA-RiAUC
090 _a922.58
_b ا ب و ف
100 1 _aأبو فارس، محمد عبد القادر،
_d1938-2015
_eمؤلف.
245 1 2 _aالقاضي أبو يعلي الفراء وكتابه الأحكام السلطانية /
_cتأليف محمد عبد القادر أبو فارس.
250 _aالطبعة الثانية.
264 1 _aبيروت :
_bمؤسسة الرسالة،
_c1983
300 _a664 صفحة ؛
_c24 سم
336 _aنص
_btxt
_2rdacontent
_3كتاب
337 _aبدون وسيط
_bn
_2rdamedia
338 _aمجلد
_bnc
_2rdacarrier
500 _aالأصل أطروحة دكتوراه-جامعة الأزهر، كلية الشريعة والقانون، القاهرة، 1974.
504 _aببليوجرافية : صفحة 590-626.
600 1 7 _aأبو يعلى، محمد بن الحسين بن محمد،
_d380-458 هجري
_2aucnm
650 7 _aالقضاة
_vتراجم
_2aucsh
650 7 _aالأحكام السلطانية
_2aucsh
650 7 _aنظم الحكم في الإسلام
_2aucsh
700 1 2 _iشرح لـ (عمل) :
_aأبو يعلى، محمد بن الحسين بن محمد،
_d380-458 هجري.
_tالأحكام السلطانية.
942 _2ddc
_cBOOK
_n0
949 _aSA-JeALM
_d250427
_umohamedma123
_n1
999 _c7487
_d7487